000 00348nam a22001577a 4500
003 OSt
008 240410b |||||||| |||| 00| 0 eng d
020 _a9789355519993
082 _a005.133 PLC
100 _aPLOETZ,Aaron
245 _aCode with JAVA21
250 _a1st Ed
260 _aNew Delhi
_bBPB
_c2024
300 _a413
942 _2ddc
_cBK
999 _c12430
_d12430